Joined - up governance in Australia: How the past can inform the future (Record no. 96698)

000 -LEADER
fixed length control field 01575pab a2200181 454500
008 - FIXED-LENGTH DATA ELEMENTS--GENERAL INFORMATION
fixed length control field 180718b2011 xxu||||| |||| 00| 0 eng d
100 ## - MAIN ENTRY--PERSONAL NAME
Personal name Keast, Robyn
245 ## - TITLE STATEMENT
Title Joined - up governance in Australia: How the past can inform the future
260 ## - PUBLICATION, DISTRIBUTION, ETC.
Date of publication, distribution, etc. 2011
300 ## - PHYSICAL DESCRIPTION
Extent p.221-231.
362 ## - DATES OF PUBLICATION AND/OR SEQUENTIAL DESIGNATION
Dates of publication and/or sequential designation Mar
520 ## - SUMMARY, ETC.
Summary, etc. Joined-up enterprises have become a cornerstone of the institutional architecture to facilitate closer linkages within and between departments and across sectors. Some of these initiatives are now mainstream enterprises, while others struggled to gain purchase or effect. Since the future is likely to be characterized by an ongoing emphasis on joined-up initiatives, an assessment of past efforts can provide a valuable backdrop for the development of new approaches and the fine tuning of existing ones. Drawing on ten years of research data, this article tracks the ebbs and flows of joined-up or integrated practice in Queensland. In doing so, it examines the drivers for integration, preferred models, and the language used to engender change. It also assesses what has worked and why and whether integrated reform has been sustained. Based on these insights, an extended integration framework is presented, which will assist those responsible for the design, monitoring, and evaluation of joined-up processes. - Reproduced.
650 ## - SUBJECT ADDED ENTRY--TOPICAL TERM
Topical term or geographic name entry element Public administration - Australia
650 ## - SUBJECT ADDED ENTRY--TOPICAL TERM
Topical term or geographic name entry element Public administration
773 ## - HOST ITEM ENTRY
Main entry heading International Journal of Public Administration
908 ## - PUT COMMAND PARAMETER (RLIN)
Put command parameter N
909 ## -
-- 96698
Holdings
Withdrawn status Lost status Damaged status Not for loan Permanent Location Current Location Date acquired Serial Enumeration / chronology Barcode Date last seen Price effective from Koha item type
        Indian Institute of Public Administration Indian Institute of Public Administration 2018-07-19 Volume no: 34, Issue no: 4 AR97158 2018-07-19 2018-07-19 Articles

Powered by Koha